000 00979nam a2200313Ia 4500
003 OSt
005 20221007121129.0
006 a|||||r|||| 00| 0
007 ta
008 221006b |||||||| |||| 00| 0 eng d
020 _a9780815365099 (pbk)
024 _a162598
037 _b158, 08/11/2011, N R Book Distributors
_cTextual
040 _aBDL
_cBDL
_beng
041 _2eng
_aeng
082 _aG:5, Q2 Carb
100 _aBrown Terry
245 0 _aIntroduction to genetics: A moleculer approach
260 _aUSA
_bGarland Science
_c2012
300 _axix;530p.
_ccm.
500 _aInclude bibliographical references; Glossary 497-516p; Index 517-530p
650 _a DNA RNA
_9710748
650 _a Genetic
_9710239
650 _a Human genome
_9455930
650 _a Moleculer genetic
_9710749
650 _aBotany
942 _hG:5, Q2 Carb
_cTEXL
_2CC
999 _c1208476
_d1208476